000 00362nam a2200145Ia 4500
008 230917s9999||||xx |||||||||||||| ||und||
040 _e59304
_aMAIN
041 _aEnglish
082 _a823.09 M442T
100 _aMaugham, W Somerset
245 0 _aTen novels and their authors
260 _aLondon
_bWilliam Heinemann
_c1954
300 _a306 p.
942 _cBK
999 _c185334
_d185334